<?xml version="1.0" encoding="UTF-8"?>
<record
    xmlns:xsi="http://www.w3.org/2001/XMLSchema-instance"
    xsi:schemaLocation="http://www.loc.gov/MARC21/slim http://www.loc.gov/standards/marcxml/schema/MARC21slim.xsd"
    xmlns="http://www.loc.gov/MARC21/slim">

  <leader>01597nam a22002657a 4500</leader>
  <controlfield tag="008">170610s2013        ag||||| |||| 00| 0 spa d</controlfield>
  <datafield tag="020" ind1=" " ind2=" ">
    <subfield code="a">9789871398089</subfield>
  </datafield>
  <datafield tag="082" ind1="0" ind2="4">
    <subfield code="a">701.18</subfield>
    <subfield code="b">L856l</subfield>
  </datafield>
  <datafield tag="100" ind1="1" ind2=" ">
    <subfield code="a">Katz, Leandro.</subfield>
    <subfield code="9">5809</subfield>
  </datafield>
  <datafield tag="245" ind1="1" ind2="0">
    <subfield code="a">Leandro  Katz /</subfield>
    <subfield code="c">Leandro Katz ; Ana Longoni, Jesse Lerner y Mariano Mestman.</subfield>
  </datafield>
  <datafield tag="250" ind1=" " ind2=" ">
    <subfield code="a">1a ed.</subfield>
  </datafield>
  <datafield tag="260" ind1=" " ind2=" ">
    <subfield code="a">Buenos Aires, Argentina :</subfield>
    <subfield code="b">Fundaci&#xF3;n Espigas ; Telef&#xF3;nica Fundaci&#xF3;n,</subfield>
    <subfield code="c">2013.</subfield>
  </datafield>
  <datafield tag="300" ind1=" " ind2=" ">
    <subfield code="a">380 p&#xE1;ginas :</subfield>
    <subfield code="b">ilustraciones en color.</subfield>
  </datafield>
  <datafield tag="505" ind1="0" ind2=" ">
    <subfield code="t">Presentaci&#xF3;n I</subfield>
    <subfield code="r">Mauro Herlitzka.</subfield>
    <subfield code="t">Presentaci&#xF3;n II</subfield>
    <subfield code="r">Alejandra D'Elia.</subfield>
    <subfield code="t">Poeta trashumante, artista polimorfo: conversaciones con Leandro Katz </subfield>
    <subfield code="r">Ana Longini.</subfield>
    <subfield code="t">Leandro Katz: lenguaje, arte y tiempo entre las ruinas mayas</subfield>
    <subfield code="r">Jesse Lerner.</subfield>
    <subfield code="t">En busca del Che: notas sobre el proyecto "El d&#xED;a que me quieras"</subfield>
    <subfield code="r">Mariano Mestman.</subfield>
    <subfield code="t">Textos: -Nam&#xFA; y las voces, un texto para un oratorio (1960) -Las esdr&#xFA;julas (1961) -Uampungo (1961) -Como el gesto que no es calandria atroz ni trina (1965) -Javier Heraud (1966) -Flight 475 (1967) -Jala (1970) -Los trotamundos (1969) -Latinoamericana y yo tenemos un nidito en Suiza (1970) -Nubes pasajeras (1972/1973) -Los jacarandases (1980) -Peces (1980) -Leche de amnesia (1985) -D&#xED;as de aquelarre (2002)</subfield>
    <subfield code="r">Leandro Katz.</subfield>
  </datafield>
  <datafield tag="653" ind1="1" ind2="0">
    <subfield code="a">Arte contempor&#xE1;neo</subfield>
  </datafield>
  <datafield tag="653" ind1="1" ind2="0">
    <subfield code="a">Arte - Argentina</subfield>
  </datafield>
  <datafield tag="653" ind1="1" ind2="0">
    <subfield code="a">Artes visuales</subfield>
  </datafield>
  <datafield tag="653" ind1="1" ind2="0">
    <subfield code="a">Cineastas - Argentina</subfield>
  </datafield>
  <datafield tag="653" ind1="1" ind2="0">
    <subfield code="a">Arte - Cr&#xED;tica e interpretaci&#xF3;n</subfield>
  </datafield>
  <datafield tag="653" ind1="1" ind2="0">
    <subfield code="a">Textos literarios</subfield>
  </datafield>
  <datafield tag="653" ind1="1" ind2="0">
    <subfield code="a">Poes&#xED;a</subfield>
  </datafield>
  <datafield tag="700" ind1="1" ind2=" ">
    <subfield code="a">Longini, Ana.</subfield>
    <subfield code="9">5810</subfield>
  </datafield>
  <datafield tag="700" ind1="1" ind2=" ">
    <subfield code="a">Lerner, Jesse.</subfield>
    <subfield code="9">5811</subfield>
  </datafield>
  <datafield tag="700" ind1="1" ind2=" ">
    <subfield code="a">Mestman, Mariano.</subfield>
    <subfield code="9">5812</subfield>
  </datafield>
  <datafield tag="999" ind1=" " ind2=" ">
    <subfield code="c">1192</subfield>
    <subfield code="d">1192</subfield>
  </datafield>
  <datafield tag="952" ind1=" " ind2=" ">
    <subfield code="0">0</subfield>
    <subfield code="1">0</subfield>
    <subfield code="2">ddc</subfield>
    <subfield code="4">0</subfield>
    <subfield code="7">0</subfield>
    <subfield code="a">LV</subfield>
    <subfield code="b">LV</subfield>
    <subfield code="c">Monograf&#xED;as</subfield>
    <subfield code="d">2017-06-10</subfield>
    <subfield code="l">0</subfield>
    <subfield code="o">701.18 L856l</subfield>
    <subfield code="p">004387</subfield>
    <subfield code="r">2017-06-10 00:00:00</subfield>
    <subfield code="w">2017-06-10</subfield>
    <subfield code="y">01</subfield>
  </datafield>
</record>
